[Event "9th HDBank Open 2019"]
[Site "Ho Chi Minh City"]
[Date "2019.03.12"]
[Round "8.1"]
[White "Wang, Hao"]
[Black "Bogdanovich, Stanislav"]
[Result "1-0"]
[WhiteElo "2718"]
[BlackElo "2536"]
[Annotator "TA"]
[PlyCount "167"]
[EventDate "2019.03.07"]
[EventType "swiss"]
[EventCountry "VIE"]
[SourceTitle "playchess.com"]
[Source "ChessBase"]
[SourceQuality "1"]

{[%evp 10,167,25,24,29,37,48,14,37,12,51,39,39,0,43,39,58,38,39,38,40,39,37,39,43,35,54,44,56,58,83,85,84,76,106,70,100,102,108,106,99,64,52,47,35,41,73,49,66,0,0,0,20,0,0,0,0,-22,0,0,0,6,7,0,0,4,11,0,29,12,29,29,29,29,29,29,29,29,23,29,29,29,29,29,36,36,36,36,80,54,96,36,36,36,58,47,62,36,491,419,4414,4663,5133,5135,5025,5011,2801,1024,6363,1786,6395,6390,6142,1688,5688,5176,1735,1398,4217,2707,6009,5910,4552,4209,1572,1024,1009,1002,1002,995,995,987,987,987,955,791,481,243,3225,2960,4369,3632,3625,2122,29968,29970,29969,29967,29971,29964,29974,29975,29972,29970,29977,29978,29976,29979,29979,29980]} 1. e4 e5 2. Nf3 Nc6 3. Bb5 Nf6 4. d3 d6 5. O-O Be7 6. c3 O-O {C65: Ruy Lopez: Berlin Defence (3...Nf6), unusual lines and 4 0-0 Bc5} 7. Re1 Bd7 (7... a6 8. Ba4 Re8 9. Nbd2 Bf8 10. Nf1 h6 11. Ng3 b5 12. Bb3 Be6 13. Bxe6 Rxe6 14. a4 b4 15. d4 d5 16. dxe5 Nxe4 17. c4 Nxe5 18. cxd5 Nxf2 19. Kxf2 Ng4+ 20. Kf1 Rxe1+ 21. Qxe1 Qxd5 22. Qe4 Qd1+ 23. Qe1 Qd5 24. Qe4 Qd1+ 25. Qe1 {½-½ (25) Vachier Lagrave,M (2780)-Naiditsch,A (2721) Douglas 2018}) 8. a4 Re8 {The position is equal.} 9. Nbd2 Bf8 (9... a6 $5 {[%cal Ra6b5]} 10. Bc4 Na5 $11) 10. Nf1 h6 11. Ng3 Ne7 (11... a6 $5 {[%cal Ra6b5]} 12. Bc4 Qc8 $11) 12. d4 Ng6 13. h3 $146 ({Predecessor:} 13. dxe5 dxe5 14. Nh5 c6 15. Nxf6+ gxf6 16. Bc4 Be6 17. Bxe6 fxe6 18. Qe2 Qd7 19. Nh4 Nxh4 20. Qg4+ Qg7 21. Qxh4 f5 {½-½ (21) Grigoriants,S (2570)-Kobalia,M (2673) Moscow 2012}) 13... c6 14. Bd3 Qc7 15. Be3 a5 16. Qc2 Be6 17. Nd2 Nd7 18. Rad1 Rad8 19. Nh5 f6 20. Bc4 Bxc4 21. Nxc4 Kh8 22. Ng3 exd4 23. cxd4 ({Much weaker is} 23. Rxd4 $6 Nge5 $11) 23... b5 24. Nd2 bxa4 25. Qxa4 d5 26. exd5 cxd5 27. Rc1 Qb7 28. Qc2 Ne7 29. Nf5 (29. Nf3 $14) 29... Nxf5 $11 30. Qxf5 Bb4 {[#] Hoping for ...Rxe3!} 31. Bf4 {And now Rxe8+ would win.} (31. Red1 {feels hotter.} Nf8 32. Nb3 Ne6 33. Ra1 Qb6 34. Qd3) 31... Rxe1+ 32. Rxe1 Nf8 33. Rc1 Qd7 34. Qc2 Ne6 35. Be3 Ng5 36. Bxg5 hxg5 37. Nf1 Bd6 38. Ra1 Qb5 39. g3 Rb8 40. Ne3 Qxb2 41. Qxb2 Rxb2 42. Rxa5 {[%mdl 4096] Endgame KRB-KRN} Bb4 43. Rxd5 Be1 $1 {[%cal Re1f2]} 44. Ng4 Bc3 45. Nh2 Be1 46. Rf5 Kh7 47. Kf1 Kg6 48. g4 Rb1 49. Nf3 Bc3+ 50. Kg2 (50. Ke2 $16) 50... Rd1 $14 51. Rc5 Bb2 52. Rb5 Bc3 53. Rb7 Rd3 $2 {[%mdl 8192]} (53... Kh6 $14) 54. Rb3 $18 Rxf3 (54... Kf7 $142 55. Ng1 Ke6) 55. Kxf3 Bxd4 {KR-KB} 56. Rb4 Bc5 57. Rb5 Bd4 58. Ke2 (58. Rd5 $142 Be5 59. Rd7) 58... Be5 59. Kd3 (59. Ke3 $142 Bf4+ 60. Kf3) 59... Bd6 60. Ke4 Bc7 61. Rd5 (61. Kd5 $142 Bf4 62. Ke6) 61... Bb8 62. Rd8 Bc7 63. Rh8 Be5 64. Kd5 Bc3 65. Ke6 Bd4 66. f3 Bc5 67. Rh5 {[#] Intending f4 and mate.} Bf2 68. Ke7 Bc5+ 69. Ke8 {Strongly threatening f4!} Bd6 70. Kd7 Ba3 71. Ke6 Bc1 72. Kd5 Bb2 73. Ke4 (73. Rh8 $142 Bc3 74. Ke4) 73... Ba1 $2 (73... Be5 74. h4 Bg3 75. hxg5 f5+ 76. Ke3 fxg4 77. fxg4 Bd6) 74. Rh8 Bb2 75. h4 gxh4 76. Rxh4 f5+ 77. gxf5+ {White mates.} Kf7 78. Rh2 Bf6 79. Ra2 Bh4 80. Ra7+ Kf6 81. Kf4 Be1 82. Ra6+ Kf7 83. Kg5 Bf2 84. Rc6 {Accuracy: White = 61%, Black = 31%.} 1-0

[Event "9th HDBank Open 2019"]
[Site "Ho Chi Minh City"]
[Date "2019.03.12"]
[Round "8.2"]
[White "Iturrizaga Bonelli, Eduardo"]
[Black "Popov, Ivan"]
[Result "1/2-1/2"]
[WhiteElo "2639"]
[BlackElo "2581"]
[Annotator "TA"]
[PlyCount "42"]
[EventDate "2019.03.07"]
[EventType "swiss"]
[EventCountry "VIE"]
[SourceTitle "playchess.com"]
[Source "ChessBase"]
[SourceQuality "1"]

{[%evp 21,42,23,25,0,35,13,18,15,20,25,33,12,30,0,0,0,0,0,0,0,0,0,0]} 1. c4 Nf6 2. Nc3 e6 3. Nf3 d5 4. cxd5 exd5 5. d4 c6 6. Qc2 g6 7. Bg5 Be7 8. e3 Bf5 9. Bd3 Bxd3 10. Qxd3 O-O 11. Bxf6 Bxf6 12. h4 {D36: Queen's Gambit Declined: Exchange Variation: Main line (5 Bg5 c6 6 Qc2)} c5 $146 ({Predecessor:} 12... Qd6 13. h5 Nd7 14. O-O-O c5 15. hxg6 hxg6 16. dxc5 Qxc5 17. Kb1 Bxc3 18. Rc1 Qc4 19. Qxc3 Qxc3 20. Rxc3 {½-½ (27) Sanikidze,T (2549)-Negi,P (2639) Cappelle-la-Grande 2012}) 13. dxc5 Na6 14. Nxd5 Bxb2 15. Rd1 Qa5+ $1 16. Kf1 {Threatens to win with Qc2.} Rfd8 17. h5 {[#] hxg6 is the strong threat.} Nb4 {The position is equal.} 18. Qb3 {aiming for hxg6.} Nxd5 19. Rxd5 Rxd5 20. Qxd5 Rd8 $1 21. Qb3 {Strongly threatening Ng5.} Bf6 1/2-1/2

[Event "9th HDBank Open 2019"]
[Site "Ho Chi Minh City"]
[Date "2019.03.12"]
[Round "8.3"]
[White "Zhao, Yuanhe"]
[Black "Wen, Yang"]
[Result "0-1"]
[WhiteElo "2431"]
[BlackElo "2599"]
[Annotator "TA"]
[PlyCount "72"]
[EventDate "2019.03.07"]
[EventType "swiss"]
[EventCountry "VIE"]
[SourceTitle "playchess.com"]
[Source "ChessBase"]
[SourceQuality "1"]

{[%evp 13,72,20,16,18,18,0,24,4,33,15,35,-14,0,-55,-50,-70,-85,-77,-16,-23,0,0,0,0,0,0,0,0,0,0,0,-45,-41,-41,-43,-43,-37,-45,-35,-44,-47,-115,-121,-152,-141,-193,-207,-230,-222,-218,-222,-366,-366,-602,-611,-731,-729,-1239,-1163,-1507,-718]} 1. Nf3 d5 2. d4 Nf6 3. c4 e6 4. g3 dxc4 5. Bg2 Nc6 6. Qa4 Bb4+ 7. Bd2 Nd5 8. Bxb4 {E04: Open Catalan: 5 Nf3} Ndxb4 9. Nc3 (9. O-O Rb8 10. Na3 O-O 11. Qb5 b6 12. Qxc4 Ba6 13. Nb5 Qe8 14. Rfc1 Nd5 15. Qxc6 Qxc6 16. Rxc6 Bxb5 17. Rc2 Rfc8 {½-½ (33) So,W (2780)-Caruana,F (2822) Saint Louis 2018}) 9... Bd7 {[#] Strongly threatening ...Nxd4!} 10. O-O {White has an edge.} a5 {[%cal Ba7a5,Ba5a4][%mdl 32]} 11. Qd1 {[%mdl 1024] White has compensation.} O-O 12. a3 Nd5 13. e3 {[#]} (13. Rc1 $11) 13... a4 $1 {[%mdl 512]} 14. Qc2 $146 (14. Nxa4 Nxd4) ({Predecessor:} 14. Nxa4 Nxd4 15. Qxd4 Rxa4 16. Ne5 Bb5 17. Rfc1 c3 18. b4 Re8 {½-½ (18) Lloyd,G (2337)-Voiculescu,F (2235) ICCF email 2011}) 14... Nxc3 15. Qxc3 Na5 ({Black should try} 15... b5 $17) 16. Nd2 Qe8 17. Rfe1 Bc6 18. Nxc4 Bxg2 19. Nxa5 Be4 20. Nc4 (20. Qxc7 f5 $17) 20... Qb5 21. Rac1 Rfd8 22. Ne5 f6 23. f3 Bd5 24. e4 Bb3 $36 {[%mdl 2048] Black has the initiative.} 25. Nd3 e5 26. d5 c6 27. f4 (27. Nc5 $1 $15) 27... cxd5 $17 28. fxe5 dxe4 29. Nf2 (29. Nc5 $17 Rac8 30. Qb4 Qxb4 31. axb4) 29... f5 $19 ({Don't play} 29... Qxe5 30. Qxe5 fxe5 31. Nxe4 $15) ({Resist} 29... fxe5 30. Nxe4 Rd3 31. Qc5 $15) 30. g4 Re8 31. gxf5 Rxe5 32. Nxe4 (32. Re3 $142) 32... Qb6+ (32... Rxf5 $2 33. Ng3 $19) 33. Nc5 $2 (33. Kg2 Rxf5 34. Qe3) 33... Rxf5 {And now ...Rg5+ would win.Black is clearly winning.} 34. Re3 {[%cal Rc5b3]} Rc8 35. Qb4 Qh6 36. Qe1 Qg5+ {Accuracy: White = 36%, Black = 69%.} (36... Rg5+ $142 37. Rg3 Rxg3+ 38. hxg3 Bd5) 0-1

[Event "9th HDBank Open 2019"]
[Site "Ho Chi Minh City"]
[Date "2019.03.12"]
[Round "8.4"]
[White "Van Wely, Loek"]
[Black "Cao, Sang"]
[Result "1-0"]
[WhiteElo "2612"]
[BlackElo "2385"]
[Annotator "TA"]
[PlyCount "71"]
[EventDate "2019.03.07"]
[EventType "swiss"]
[EventCountry "VIE"]
[SourceTitle "playchess.com"]
[Source "ChessBase"]
[SourceQuality "1"]

{[%evp 25,71,57,52,45,51,46,122,118,124,120,114,97,96,92,55,49,44,31,41,49,38,38,65,14,128,115,239,249,240,243,243,248,244,239,283,263,377,379,429,392,453,460,484,494,784,773,745,724]} 1. d4 Nf6 2. c4 e6 3. g3 c5 4. d5 exd5 5. cxd5 d6 6. Nc3 g6 7. Bg2 Bg7 8. Nf3 O-O 9. O-O Re8 10. Bf4 a6 11. a4 Ne4 12. Nxe4 Rxe4 13. Nd2 Rb4 14. Ra2 {A62: Modern Benoni: Fianchetto Variation without early ...Nbd7} Qe7 15. b3 Be5 (15... g5 $14 16. Be3 b5) 16. Bxe5 $16 {White is better.} Qxe5 17. Nc4 Qe7 18. e4 Nd7 19. f4 Nb6 20. Ne3 a5 {[#]} 21. Re1 $146 {[%mdl 2048] White has the initiative.} ({Predecessor:} 21. f5 Bxf5 {0-1 (41) Ulybin,M (2529)-Cox,J (2385) Port Erin 2005}) 21... Bd7 22. e5 Re8 23. Rae2 Qf8 $1 24. Qa1 (24. exd6 $14 Rc8 25. f5) 24... Qg7 ({Much weaker is} 24... Rxb3 $6 {[#]} 25. e6 $1 $16 {[%mdl 512]}) (24... dxe5 $1 $11 25. fxe5 Rxb3) 25. Qc3 {Hoping for Nc2.} dxe5 (25... c4 $16) 26. Nc2 $18 {[%mdl 64] Trapped Piece} e4 27. Qxg7+ ({Weaker is} 27. Qxc5 Rxb3 28. Rxe4 Rxe4 $11) 27... Kxg7 28. Nxb4 cxb4 29. Rxe4 Rc8 30. d6 Kf6 (30... Be6 $142 31. R4e3 Rd8) 31. R4e3 Rc2 32. Bxb7 Be6 33. Rd1 {White is clearly winning.} Nd7 34. Bd5 h5 (34... Rc8 $142 35. Bxe6 fxe6) 35. Bxe6 fxe6 {[#]} 36. Re5 $1 {[%mdl 576] Promotion. Accuracy: White = 81%, Black = 43%.} 1-0

[Event "9th HDBank Open 2019"]
[Site "Ho Chi Minh City"]
[Date "2019.03.12"]
[Round "8.5"]
[White "Demchenko, Anton"]
[Black "Gukesh D"]
[Result "0-1"]
[WhiteElo "2678"]
[BlackElo "2529"]
[Annotator "TA"]
[PlyCount "94"]
[EventDate "2019.03.07"]
[EventType "swiss"]
[EventCountry "VIE"]
[SourceTitle "playchess.com"]
[Source "ChessBase"]
[SourceQuality "1"]

{[%evp 9,94,35,34,26,32,35,45,32,31,29,28,0,18,0,6,10,33,30,32,28,26,26,17,41,31,14,18,4,20,43,72,80,130,133,136,159,156,149,153,120,147,119,117,117,121,139,156,138,138,124,191,141,112,0,221,100,86,80,116,0,0,0,125,175,214,194,227,207,300,248,354,333,287,191,371,379,349,183,183,183,182,-12850,-6087,-29994,-29995,-29995,-29996]} 1. e4 c5 2. Nc3 Nc6 3. g3 Rb8 4. Nge2 (4. Bg2 b5 5. d3 b4 6. Nd5 e6 7. Ne3 g6 8. a3 b3 9. c3 Bg7 10. Nf3 Nge7 11. Nd2 Na5 12. Nec4 O-O 13. O-O {1-0 (65) Li,R (2564)-Kantans,T (2456) chess.com INT 2017}) 4... b5 5. Bg2 b4 6. Nd5 {B24: Closed Sicilian: 3 g3 sidelines} e6 7. Ne3 Nf6 8. O-O {White is slightly better.} Be7 9. a3 b3 $146 ({Predecessor:} 9... a5 10. axb4 axb4 11. d4 cxd4 12. Nxd4 Qb6 13. Nxc6 dxc6 {1-0 (38) Avramovic,Z (2238)-Nikolajevic,B (2170) Serbia 2008}) 10. c4 O-O 11. d3 d6 12. f4 Nd4 13. Nxd4 cxd4 14. Ng4 Nxg4 15. Qxg4 d5 16. cxd5 exd5 17. f5 dxe4 18. Bxe4 Bf6 19. Bf4 Rb5 20. Rac1 $36 {[%cal Ba1c1,Bc1c5,Bc5d5][%mdl 2080] White is on the roll.} Bb7 21. a4 $1 {[%cal Ra4b5]} Bxe4 22. dxe4 (22. axb5 Bxd3 23. Rf2 Bc2 $17) 22... Re5 23. Bxe5 Bxe5 24. Rc5 d3 25. Rd5 (25. Rxe5 $6 Qd4+ 26. Rf2 Qxe5 $14) 25... Qb6+ 26. Kg2 Bxb2 27. Qd1 ({Much weaker is} 27. Rxd3 $6 Bf6 $11) 27... Bf6 28. Qxd3 b2 29. e5 Bg5 (29... Qc6 $16 30. Kh3 (30. exf6 Rd8 $11) 30... Bg5) 30. Qb5 {Threatens to win with Qxb6.} Qe3 {next ...Qe4+ is good for Black.} 31. Qd3 (31. Kh3 $1 $16 Qe4 32. Qd3 Qxa4 33. Rb5) 31... Qb6 $1 $18 32. a5 (32. Rb5 $1 $18 {[%cal Rb5b6]} Qc6+ 33. Rf3) 32... Qc6 $16 33. Kh3 $1 Qh6+ 34. Kg2 {aiming for Rd6.} Qc6 {White must now prevent ...Rd8.} 35. Kh3 Qh6+ $1 36. Kg4 $1 Bc1 37. h4 $1 Qc6 {[#]} 38. Rb5 $1 a6 (38... g6 $142) 39. Rb3 Qa4+ (39... g6 {keeps fighting.}) 40. Kh3 $18 h5 41. Kg2 Kh7 $2 (41... Qxa5 {might work better.} 42. e6 Qe5 43. exf7+ Rxf7) 42. e6 Rd8 43. Qxd8 (43. Qf3 $142 Qg4 44. Qxg4 hxg4 45. exf7) 43... Qxb3 44. e7 Qb7+ 45. Kh3 $4 {[%mdl 8192] [#]} ({Weaker is} 45. Kg1 Be3+ 46. Kh2 b1=Q $17) (45. Rf3 $18 Bg5 46. Qd3) 45... b1=Q $1 $19 {[%cal Rb1f5] ( -> ...Qxf5+!)} 46. e8=Q {[#]} Qxf5+ $1 {[%mdl 576] Double Attack} 47. Kh2 (47. Rxf5 Qh1#) 47... Qc2+ {Accuracy: White = 63%, Black = 58%.} 0-1

[Event "9th HDBank Open 2019"]
[Site "Ho Chi Minh City"]
[Date "2019.03.12"]
[Round "8.6"]
[White "Mareco, Sandro"]
[Black "Liu, Guanchu"]
[Result "0-1"]
[WhiteElo "2666"]
[BlackElo "2445"]
[Annotator "TA"]
[PlyCount "56"]
[EventDate "2019.03.07"]
[EventType "swiss"]
[EventCountry "VIE"]
[SourceTitle "playchess.com"]
[Source "ChessBase"]
[SourceQuality "1"]

{[%evp 14,56,16,16,12,0,29,30,25,15,19,0,0,0,0,-37,-17,-27,-29,-29,-34,-21,-21,-36,-46,-35,-28,-37,-47,-69,-43,-103,-123,-100,-105,-460,-357,-352,-375,-341,-352,-730,-728,-713,-693]} 1. c4 c5 2. g3 g6 3. Bg2 Bg7 4. Nc3 Nc6 5. e3 e5 6. Nge2 Nge7 7. a3 d6 8. O-O Be6 {A36: Symmetrical English vs ...g6: 4 Bg2 Bg7} (8... a5 9. d3 O-O 10. Bd2 Rb8 11. Qb3 Be6 12. Nd5 Bf5 13. Nxe7+ Nxe7 14. Rad1 Qd7 15. a4 Nc6 16. Bc3 Nb4 17. Bxb4 axb4 {1-0 (66) Klekowski,M (2489)-Arenas Vanegas,D (2449) Las Palmas 2018}) 9. Nd5 O-O 10. Nec3 Rb8 {White has an edge.} 11. b4 a6 $146 ({Predecessor:} 11... b6 12. b5 Na5 13. d3 Qd7 14. Re1 f5 15. Rb1 Kh8 16. Bd2 {0-1 (49) Hoang,T (2127)-Vasilevich,T (2368) Beijing 2008}) 12. bxc5 dxc5 13. Rb1 b5 {[%cal Bb7b5,Bb5b4][%mdl 32]} 14. d3 b4 15. Nxe7+ Nxe7 16. Na4 Qd6 17. axb4 cxb4 18. Qb3 Rfd8 19. Nb2 Nc6 20. Ra1 a5 $36 {[%mdl 2048] Black is pushing.} 21. Bd2 Bf5 22. Rfd1 (22. Rfb1 $15) 22... e4 $17 23. d4 {[#]} Bg4 $1 {aiming for ...Nxd4.} 24. Bxe4 $2 {[%mdl 8192]} (24. c5 $17 Bxd1 25. Rxd1) 24... Bxd1 25. Rxd1 {[#]} Nxd4 $1 {[%mdl 512]} 26. exd4 Qxd4 27. Bxb4 $2 (27. Bf4 Qxe4 28. Bxb8 Rxb8 29. Na4) 27... Qxe4 $19 28. Rxd8+ Rxd8 {Accuracy: White = 26%, Black = 73%.} 0-1

[Event "9th HDBank Open 2019"]
[Site "Ho Chi Minh City"]
[Date "2019.03.12"]
[Round "8.7"]
[White "Nguyen, Ngoc Truong Son"]
[Black "Xu, Yi"]
[Result "1/2-1/2"]
[WhiteElo "2647"]
[BlackElo "2520"]
[Annotator "TA"]
[PlyCount "42"]
[EventDate "2019.03.07"]
[EventType "swiss"]
[EventCountry "VIE"]
[SourceTitle "playchess.com"]
[Source "ChessBase"]
[SourceQuality "1"]

{[%evp 11,42,0,5,10,22,-8,0,0,0,0,0,-2,0,-2,0,8,19,14,34,0,14,0,20,-10,0,-11,3,-28,-12,-6,0,-11,-12]} 1. d4 Nf6 2. Nf3 d5 3. Bf4 c5 4. e3 Nc6 5. Nbd2 e6 6. c3 cxd4 7. exd4 {D02: 1 d4 d5 2 Nf3 sidelines, including 2...Nf6 3 g3 and 2...Nf6 3 Bf4} Nh5 8. Bg3 (8. Be3 Bd6 9. Bd3 Nf4 10. Bxf4 Bxf4 11. g3 Bd6 12. O-O O-O 13. Re1 Bd7 14. h4 h6 {1-0 (44) Caruana,F (2822)-Aronian,L (2767) chess.com INT 2018}) 8... Nxg3 9. hxg3 g6 10. Bd3 Bg7 11. O-O O-O 12. Re1 f6 13. b4 $146 ({Predecessor:} 13. c4 dxc4 14. Bxc4 Nxd4 {½-½ (35) Laurent Paoli,P (2290)-Lemeaux,D (2344) Condom 2017}) 13... Bd7 14. a4 b6 15. Qb3 (15. b5 $5 {[%cal Rb5c6]} Na5 16. Nb3 $11) 15... Kh8 16. Rad1 Qc7 17. Nf1 Qd6 18. Ne3 Be8 19. Ba6 Rd8 20. Bb5 Rc8 21. Rb1 Bf7 {Accuracy: White = 38%, Black = 48%.} 1/2-1/2

[Event "9th HDBank Open 2019"]
[Site "Ho Chi Minh City"]
[Date "2019.03.12"]
[Round "8.8"]
[White "Predke, Alexandr"]
[Black "Hoang, Canh Huan"]
[Result "1-0"]
[WhiteElo "2611"]
[BlackElo "2394"]
[Annotator "TA"]
[PlyCount "85"]
[EventDate "2019.03.07"]
[EventType "swiss"]
[EventCountry "VIE"]
[SourceTitle "playchess.com"]
[Source "ChessBase"]
[SourceQuality "1"]

{[%evp 27,85,42,42,42,57,49,66,58,60,62,122,97,156,112,168,119,240,243,220,150,198,156,154,160,231,160,154,110,260,143,471,461,585,414,414,414,411,411,394,409,404,395,389,327,316,323,357,324,530,530,529,529,608,443,599,587,616,593,2484,2044]} 1. Nf3 c5 2. e3 Nf6 3. d4 d5 4. dxc5 e6 5. c4 Bxc5 6. Nc3 Nc6 7. a3 a6 8. b4 Ba7 9. Bb2 O-O 10. Qc2 Qe7 11. Rd1 Rd8 12. Be2 d4 13. exd4 Nxd4 14. Nxd4 Bxd4 15. O-O {D40: Queen's Gambit Declined: Semi-Tarrasch with 5 e3} e5 16. c5 (16. Na4 Bg4 17. Bxd4 Rxd4 18. Rxd4 exd4 19. Bxg4 Nxg4 20. h3 Nf6 21. Nc5 a5 22. Qf5 axb4 23. axb4 Qe2 24. Qd3 Qxd3 25. Nxd3 Kf8 {½-½ (25) Markus,R (2615)-Perunovic,M (2597) Novi Sad 2018}) 16... g6 17. Na4 $146 {White is slightly better.} ({Predecessor:} 17. Bc4 Bg4 18. Rd2 Rd7 19. Qb3 Rad8 20. Re1 Kg7 21. h3 Bf5 22. g4 Bxg4 23. hxg4 Nxg4 {1-0 (33) Paulsen,D (2340)-Schlehoefer,R Germany 1987}) 17... Bf5 18. Qc1 Rac8 ({Better is} 18... Ne4 $14) 19. Nb6 $16 {Bxd4 is the strong threat.} Rc7 ({Black should try} 19... Rc6) 20. Bc4 Bg4 (20... Rc6 $16) 21. Rde1 Bxb2 (21... Be6 $16) 22. Qxb2 $18 Re8 23. Re3 Bf5 24. Rfe1 {[%cal Re3e5]} e4 25. f3 {aiming for fxe4.} Qd8 (25... Be6 $16 26. Bxe6 (26. fxe4 Ng4 $16) 26... Qxe6 27. Rxe4 Nxe4 28. Rxe4 Qc6) 26. fxe4 Bxe4 27. h3 h5 (27... Bc6 $16 {was called for.}) 28. R3e2 (28. Qa1 $18) 28... h4 $2 {[%mdl 8192]} (28... Bc6 $16) 29. Rd2 Qe7 30. Rf2 Rc6 {[#]} 31. Nd5 $1 {[%mdl 512]} Nxd5 (31... Bxd5 32. Rxe7) 32. Bxd5 Bxd5 33. Rxe7 Rxe7 34. Qd4 Rd7 35. Qxh4 Re6 36. Rd2 Re8 37. Qg4 Red8 $2 {[#]} (37... Ree7 38. Kf2 Be6) 38. Qg5 {White is clearly winning.} Kg7 39. h4 f6 40. Qg3 Be4 41. Rd6 Rxd6 42. cxd6 Kf7 43. Qb3+ {Accuracy: White = 63%, Black = 16%.} 1-0

[Event "9th HDBank Open 2019"]
[Site "Ho Chi Minh City"]
[Date "2019.03.12"]
[Round "8.9"]
[White "Tran, Tuan Minh"]
[Black "Raghunandan, Kaumandur Srihari"]
[Result "1/2-1/2"]
[WhiteElo "2556"]
[BlackElo "2352"]
[Annotator "TA"]
[PlyCount "87"]
[EventDate "2019.03.07"]
[EventType "swiss"]
[EventCountry "VIE"]
[SourceTitle "playchess.com"]
[Source "ChessBase"]
[SourceQuality "1"]

{[%evp 18,87,18,16,24,24,22,29,34,33,27,31,94,100,100,89,76,69,82,82,85,0,0,0,0,0,0,0,0,0,0,0,0,0,0,0,0,-143,-144,-148,-136,-154,6,-75,-77,-123,-40,-72,0,-62,-62,-62,-74,-160,0,0,0,0,0,0,0,0,0,0,0,0,0,0,0,0,0,0]} 1. Nf3 Nf6 2. b3 g6 3. Bb2 Bg7 4. g3 c5 5. c4 d6 6. Bg2 e5 7. O-O O-O 8. Nc3 Nc6 9. d3 h6 10. Nd2 Be6 {A38: Symmetrical English vs ...g6: 4 Bg2 Bg7 5 Nf3 Nf6} 11. Nde4 Ne8 (11... Qd7 12. Nxf6+ Bxf6 13. a3 Bg7 14. Nd5 Rab8 15. b4 b6 16. Bc3 Ne7 17. Nxe7+ Qxe7 18. a4 Qd7 19. Qd2 d5 20. bxc5 bxc5 21. cxd5 Bxd5 {½-½ (36) Artemiev,V (2653)-Gelfand,B (2725) Moscow 2016}) 12. Nd5 f5 {White has an edge.} 13. Nec3 g5 14. e3 {[#]} g4 $146 (14... Qd7 $14) ({Predecessor:} 14... Qd7 15. f4 exf4 16. exf4 g4 17. Qd2 Bd4+ 18. Kh1 {½-½ (75) Neiksans,A (2590)-Brunello,S (2553) Katowice 2017}) 15. f3 $16 gxf3 16. Qxf3 Nf6 17. a3 Ne7 18. Nxf6+ Bxf6 19. Qxb7 ({White should try} 19. Qe2 $16) 19... Rb8 $11 20. Qxa7 Rxb3 21. Rab1 e4 22. Nd5 Nxd5 23. cxd5 Bxd5 24. Bxf6 Qxf6 25. Rxb3 Bxb3 26. dxe4 Bc4 27. Rd1 (27. Rf4 $11 {keeps the balance.}) 27... Be2 $1 $17 {[%cal Re2d1]} 28. Rb1 {[#]} fxe4 $1 {Strongly threatening ...Qf2+.} 29. Qb7 {[#]} Qf2+ $1 30. Kh1 Bf3 {[%csl Gf2][%cal Rf3g2]} 31. Qb3+ Rf7 (31... Kg7 $17 {[%csl Gf2][%cal Rf3g2]} 32. Qb2+ Qxb2 33. Rxb2 c4) 32. Rg1 $1 $15 Qd2 (32... Qe2 $17 {aiming for ...c4.} 33. Bxf3 exf3) 33. h3 ({Better is} 33. Qe6 $11) 33... Qd3 34. Qe6 Kg7 35. h4 (35. Kh2 $142) 35... h5 $2 {[#]} (35... Qxe3 36. Qxd6 Qd4 37. Qb6) (35... c4 $17 {Hoping for ...c3.} 36. Kh2 c3) 36. g4 $1 $11 {[%mdl 512] The position is equal.} Bxg4 37. Bh3 Kf8 38. Bxg4 hxg4 {[%mdl 4096] Endgame KQR-KQR} 39. h5 Rf1 {And now ...Rxg1+ would win.} 40. Qh6+ Kf7 41. Qg6+ Kf8 {...Rxg1+ is the strong threat.} 42. Qh6+ Kf7 43. Qh7+ Kf8 {Threatens to win with ...Rxg1+.} 44. Qh6+ {Accuracy: White = 60%, Black = 67%.} 1/2-1/2

[Event "9th HDBank Open 2019"]
[Site "Ho Chi Minh City"]
[Date "2019.03.12"]
[Round "8.10"]
[White "Megaranto, Susanto"]
[Black "Nitin, S.."]
[Result "1-0"]
[WhiteElo "2526"]
[BlackElo "2408"]
[Annotator "TA"]
[PlyCount "69"]
[EventDate "2019.03.07"]
[EventType "swiss"]
[EventCountry "VIE"]
[SourceTitle "playchess.com"]
[Source "ChessBase"]
[SourceQuality "1"]

{[%evp 15,69,0,27,29,19,0,0,0,0,0,8,0,-9,-5,0,4,4,0,0,0,4,-6,59,59,56,56,40,22,24,25,120,106,109,95,159,162,159,141,163,152,177,123,111,91,733,734,29993,29994,29994,29994,29994,29995,29995,29996,29996,29997]} 1. e4 c5 2. Nf3 d6 3. Bb5+ Nd7 4. O-O a6 5. Bxd7+ Bxd7 6. d4 cxd4 7. Qxd4 e5 8. Qd3 h6 9. c4 {B51: Sicilian: Moscow Variation (3 Bb5+) without 3...Bd7} (9. a4 Nf6 10. a5 Be7 11. c4 b5 12. axb6 Qxb6 13. Nc3 O-O 14. Be3 Qb7 15. h3 Rfc8 16. Nd2 Be6 17. Rfb1 a5 18. b3 Ra6 19. Ra2 Bd7 20. Rba1 {½-½ (20) Wang,H (2730)-Nepomniachtchi,I (2763) St Petersburg 2018}) 9... b5 10. Nc3 {[%cal Rc4b5]} bxc4 11. Qxc4 {The position is equal.} Nf6 12. b3 Be7 13. Bb2 O-O 14. Nd2 $146 ({Predecessor:} 14. Rad1 Qb6 15. Rfe1 Rfc8 16. Qd3 a5 {0-1 (57) Ozen,D (1835)-Odeev,H (2408) Edirne 2013}) 14... Be6 15. Qd3 Qc7 16. Rac1 Qb7 17. Nc4 Rfd8 18. Rfd1 d5 (18... a5 $11) 19. exd5 $14 (19. Nxe5 $6 dxe4 20. Qe2 Bd6 $11) 19... Nxd5 {aiming for ...Bg5.} 20. Qf3 $1 ({Don't play} 20. Nxe5 Bg5 $17) 20... Rab8 21. Nxe5 Bg5 22. Ra1 Bf6 (22... Nxc3 $1 $11 {keeps the balance.} 23. Qxc3 (23. Bxc3 Qc7 $11) 23... Bf6) 23. Ne4 $16 Be7 24. Nc4 Bf8 ({Black should play} 24... f6) 25. Be5 Ra8 26. Rd4 Qc6 {[#]} 27. Rad1 $1 $36 {[%mdl 2048] Nc3 is the strong threat. White has strong initiative.} Rd7 28. h3 (28. Bf4 $18 {Strongly threatening Ne5.} f6 29. Bxh6) 28... Rad8 29. R4d2 {Hoping for Bf6!} Nb4 $2 {[%mdl 8192] [#]} (29... Ne7 $16) 30. Nf6+ $1 $18 {[%mdl 512]} gxf6 31. Qxf6 {[%csl Ge5][%cal Rf6h8] White mates.} Kh7 32. Qh8+ Kg6 33. Qg8+ Kh5 34. g4+ Kh4 35. Kh2 {Accuracy: White = 73%, Black = 44%.} ({Don't blunder} 35. Bf6+ $2 Kxh3 36. Ne3 Rxd2 $19) 1-0